000 00604nam a22001577a 4500
999 _c63969
_d63969
005 20181106164139.0
010 _aB-160668
020 _a812460259X
_c425.00
035 _aB-160666, B-160668
037 _aDPL
_bENG
100 _aVanvari, Nandlal
245 _aUnderstanding mysteries of the mind :
_bFocus on telepathy, clairvoyance, psychometry, superstitions, hypnotism, paranormal phenomenon, astral travelling, black magic and dreams /
_cby Nandlal Vanvari
260 _aNew Delhi
_bD.K. Printworld (P) Ltd.
_c2004
300 _aviii, 271p.
_c23 cms.
942 _2ddc
_cEN
_h133.8
_mVAN